000 00320nam a2200133Ia 4500
005 20251222144625.0
008 251222s9999||||xx |||||||||||||| ||spa||
020 _a978-612-4031-91-5
082 _a371.33/P63
100 _aPitluk, Laura
245 0 _aLa Planificación Didáctica:
264 _bCentauro
942 _cLIB
999 _c16088
_d16088